| 000 | 00580nam a2200181 a 4500 | ||
|---|---|---|---|
| 001 | 000035000 | ||
| 005 | 20200930074034.0 | ||
| 008 | 111024s1956 mx 000 0 spa d | ||
| 040 |
_aDO-SdBNP _bspa _cBNPHU |
||
| 100 | 1 |
_aDilthey, Wilhelm _960611 |
|
| 245 | 1 | 0 |
_aHistoria de la filosofía / _cWilhelm Dilthey. |
| 260 |
_aMéxico : _bFondo de Cultura Económica, _c1956. |
||
| 300 |
_a273 p. ; _c19 cm. |
||
| 490 | 1 |
_aBreviarios del Fondo de Cultura Económica _v50 |
|
| 500 | _aIncluye índice | ||
| 830 | 0 |
_aBreviarios del Fondo de Cultura Económica _v50 _925786 |
|
| 049 | _aBNPD | ||
| 999 |
_c34491 _d34491 |
||